This Land of Ours Party (Record no. 2659)

MARC details
000 -LEADER
fixed length control field 00324nam a22001337a 4500
008 - FIXED-LENGTH DATA ELEMENTS--GENERAL INFORMATION
fixed length control field 250325b |||||||| |||| 00| 0 eng d
020 ## - INTERNATIONAL STANDARD BOOK NUMBER
ISBN 9780391711
100 ## - MAIN ENTRY--AUTHOR
Author GIMBA, Abubakar
245 ## - TITLE STATEMENT
Title This Land of Ours Party
260 ## - PUBLICATION, DISTRIBUTION, ETC. (IMPRINT)
Place of publication Ibadan
Name of publisher Kraft Books Ltd.
Date of publication 2001
300 ## - COLLATION
Pagination 100p.
942 ## - ADDED ENTRY ELEMENTS (KOHA)
Item type Books
050 ## - LIBRARY OF CONGRESS CALL NUMBER
Classification number PL8010.4
Item number .G56
Holdings
Source of classification or shelving scheme Not for loan Permanent location Current location Date acquired Accession No. Full call number Barcode. Koha item type
Library of Congress Classification   Samuel Ogbemudia Main Library, University of Abuja Samuel Ogbemudia Main Library, University of Abuja 03/25/2025 2014-44527 PL8010.4.G56 2025-0951 Books
Library of Congress Classification   Samuel Ogbemudia Main Library, University of Abuja Samuel Ogbemudia Main Library, University of Abuja 03/25/2025 2014-44527 PL8010.4.G56 2025-0952 Books